1250 1776 1731 1341 1390 1730 1945 1886 1174 1258 1037 1126 1811 1899 1137 1005 1357 1839 1398 1691 1983 1086 1670 1464 1696 1087 1924 1771 1562 1887 1176 1086 1674 1621 1104 1861 1732 1014 1919 1246 1201 1347 1548 1861 1788 1809 1639 1497 1821 1383 1430 1011 1190 1563 1505 1723 1143 1832 1189 1802 1438 1941 1506 1388 1556 1252 1015 1147 1290 1314 1520 1501 1107 1355 1023 1273 1767 1538 1651 1601 1698 1193 1116 1919 1051 1201 1270 1234 1034 1675 1746 1520 1161 1786 1984 1019 1239 1394 1554 BCNSPRNW ULIB Ver.6.0+V

เปลี่ยนเป็นภาษาไทย

Change to English
 แสดงรายละเอียดบรรณานุกรม
  กลับหน้าหลัก

Brief Record : Get Marc (ISO 2709) : E-mail record : QR code < ปิดหน้าต่าง
LEADER : 00000nam 2200000uu 4500
001    13399126078
003     ULIB
008    180525s2555||||th 000 0 tha d
020    ^a9786167742007
040    ^absi
060 04 ^aWB537^bป297ก
100 0  ^aประพจน์ เภตรากาศ
245 10 ^aการตรวจวินิจฉัยโรคด้วยเส้นสิบ /^cประพจน์ เภตรากาศ, พินิต ชินสร้อย
250    ^aพิมพ์ครั้งที่ 1
260    ^aกรุงเทพฯ :^bมูลนิธิเพื่อเด็กพิการ,^c2555
300    ^a(8), 80 หน้า :^bภาพประกอบ ;^c26 ซม.
500    ^aการตรวจวินิจฉัยโรคด้วยเส้นสิบเป็นตำราพื้นฐานในการเรียนหลักสูตรการประกอบโรคศิลปะสาขาการแพทย์แผนไทย ประเภทการนวดไทย (หมอนวดไทย)ตามพระราชบัญญัติการประกอบโรคศิลปะ พ.ศ. 2542
650  4 ^aการแพทย์แผนไทย
650  4 ^aการนวด
650  4 ^aการบำบัดด้วยการนวด
700 0  ^aพินิต ชินสร้อย
710 2  ^aมูลนิธิเพื่อเด็กพิการ
910    ^aSend to UC
945    ^p100^l0^i004071
945    ^p100^l0^i004070
945    ^p100^l0^i004073
945    ^p100^l0^i004072
945    ^p100^l0^i004069
999    ^aวิลาวรรณ์ สายภักดี
รายการนี้ยังไม่มีแท็ก
คุณยังไม่ได้ล็อกอิน คุณสามารถมีกิจกรรมร่วมกับเว็บไซต์ได้ แต่ต้องล็อกอินก่อน ::
  ล็อกอิน

รายการสื่อสารสนเทศ

ลำดับที่ ประเภท เลขเรียก/บาร์โค้ด สถานที่ สถานะ
1. หนังสือสำรอง
หนังสือสำรอง
WB537 ป297ก ฉ.1 
  Barcode: 004069
ห้องสมุดวิทยาเขตนครสวรรค์
►นวนิยาย:l:Fiction
บนชั้น
2. วิทยาศาสตร์การแพทย์ และสุขภาพ
วิทยาศาสตร์การแพทย์ และสุขภาพ
WB537 ป297ก ฉ.2 
  Barcode: 004070
ห้องสมุดวิทยาเขตนครสวรรค์
►นวนิยาย:l:Fiction
บนชั้น
3. วิทยาศาสตร์การแพทย์ และสุขภาพ
วิทยาศาสตร์การแพทย์ และสุขภาพ
WB537 ป297ก ฉ.3 
  Barcode: 004071
ห้องสมุดวิทยาเขตนครสวรรค์
►นวนิยาย:l:Fiction
บนชั้น
4. วิทยาศาสตร์การแพทย์ และสุขภาพ
วิทยาศาสตร์การแพทย์ และสุขภาพ
WB537 ป297ก ฉ.4 
  Barcode: 004072
ห้องสมุดวิทยาเขตนครสวรรค์
►นวนิยาย:l:Fiction
บนชั้น
5. วิทยาศาสตร์การแพทย์ และสุขภาพ
วิทยาศาสตร์การแพทย์ และสุขภาพ
WB537 ป297ก ฉ.5 
  Barcode: 004073
ห้องสมุดวิทยาเขตนครสวรรค์
►นวนิยาย:l:Fiction
บนชั้น

รายการใกล้เคียง
    ผู้แต่ง [ประพจน์ เภตรากาศ]

    หัวเรื่อง [การแพทย์แผนไทย]
    หัวเรื่อง [การนวด]
    หัวเรื่อง [การบำบัดด้วยการนวด]

BibComment


ยังไม่เคยถูกคอมเมนท์

คอมเมนท์ทรัพยากรรายการนี้
  คอมเมนท์: การตรวจวินิจฉัยโ..


 Copyright 2026. Bcnsprnw @Library